000 00928nam a22002297a 4500
005 2012083005505.0
008 120830t xxu||||| |||| 00| 0 eng d
010 _aENG-105717
020 _a9789380388656
_c1095.00
035 _aEN-89250
037 _bDBAD/PUB
040 _aDPL
_bEng
082 _a809.93358
245 _aColonial discourse and postcolonial theory /
_cedited by Nitish Sharma
260 _aNew Delhi
_bD.P.S. Publishing House
_c2012
270 _a4598/12-B, First Floor, Gola Cottage, Ansari Road
_bNew Delhi
_e110002
_mdpspublishinghouse@gmail.com
300 _aviii,280p.
_c23cm(Hb)
500 _aIncludes bibliographical references and index
700 _aSharma, Nitish
_951815
942 _2ddc
_cEN
_mCOL
_h809.93358
999 _c69555
_d69555